000 00513nam a2200193Ia 4500
008 131103s9999 xx 000 0 und d
040 _aLoreto College
041 _aEnglish
082 _a922/ANT
_bLCLIB
100 _aCurtayne, Alice
245 _aSt. Anthony of padua
_cAlice Curtayne
260 _aDublin
_bfather Mathew
_c1931
300 _a118p.
_b ill.
_c 18cm.
504 _aIncludes bibliography references
650 _aAnthony, ST.
651 _aBiography
850 _aLCLIB/922/ANT
942 _cBK
999 _c25386
_d75865